000 00694nam a2200217 a 4500
001 000032422
003 OSt
005 20240530073935.0
008 110718s1938 dr 000 0 spa d
040 _aDO-SdBNP
_bspa
_cBNPHU
082 7 4 _a863.42
_bM358b
_222
100 1 _aMarrero Arity, Ramón,
_d1913-1959
_958382
245 1 0 _aBalsié :
_bnarraciones, estampas y cuentos /
_cRamón Marrero Aristy.
260 _aCiudad Trujillo, República Dominicana :
_bCaribes,
_c1938.
300 _a189 p. ;
_c19 cm.
650 0 _aCuentos dominicanos
_9176
650 0 _aEnsayos dominicanos
_965
650 0 _aLiteratura dominicana.
_967
910 _aValidado. Control de calidad MFF
942 _2ddc
_cLBS1
999 _c31913
_d31913